European Rivers by City - Statistics

General Stats
  • This quiz has been taken 32 times
    14 since last reset
  • The average score is 11 of 20
Answer Stats
Hint Answer % Correct
Paris Seine
93%
London Thames
93%
Vienna Danube
86%
Hamburg Elbe
86%
Rostov Don
79%
Lyon Rhône
79%
Rome Tiber
79%
Basel Rhine
71%
Nantes Loire
64%
Lisbon Tajo
64%
Warsaw Vistula
64%
Riga Daugava
50%
Prague Vltava
50%
Moscow Moscow
43%
Madrid Manzanares
36%
Dublin Liffey
29%
Graz Mur
21%
Skoplje Vardar
14%
Sarajevo Miljacka
7%
Kiev Dnistro
0%
No matching quizzes found
Score Distribution
Percent of People with Each Score
Percentile by Number Answered
Your Score History
You have not taken this quiz since the last reset